Normal view MARC view
  • Mathew Sharon - 2k141077; Dr.Rachana Shikhare - Guide & [Company Name] - L&T Infotech

Entry Personal Name

Number of records used in: 1

001 - CONTROL NUMBER

  • control field: 118999

003 - CONTROL NUMBER IDENTIFIER

  • control field: OSt

005 - DATE AND TIME OF LATEST TRANSACTION

  • control field: 20230128171340.0

008 - FIXED-LENGTH DATA ELEMENTS

  • fixed length control field: 230128|| aca||aabn | a|a d

040 ## - CATALOGING SOURCE

  • Original cataloging agency: OSt
  • Transcribing agency: OSt

100 ## - HEADING--PERSONAL NAME

  • Personal name: Mathew Sharon - 2k141077; Dr.Rachana Shikhare - Guide & [Company Name] - L&T Infotech

670 ## - SOURCE DATA FOUND

  • Source citation: Work cat.: (OSt)97303: Mathew Sharon - 2k141077; Dr.Rachana Shikhare - Guide & [Company Name] - L&T Infotech, Study Of The Credibility Of Utilizing Big Data in Various Domains, Sep-15